[Event "IECC O-3521"]
[Site "IECC email"]
[Date "2012.10.03"]
[Round "?"]
[White "Cowart, Laremy"]
[Black "Adhikary, Ramesh"]
[Result "1-0"]
[WhiteElo "1720"]
[BlackElo "1724"]
[PlyCount "31"]
[EventDate "2012.??.??"]
[EventType "swiss (corr)"]
[EventRounds "2"]
[SourceTitle "Corr 2020"]
[Source "ChessBase"]
[SourceDate "2019.09.30"]
[SourceVersion "1"]
[SourceVersionDate "2019.09.30"]
[SourceQuality "1"]
[WhiteTeam "United States"]
[BlackTeam "Nepal"]
[WhiteTeamCountry "USA"]
[BlackTeamCountry "NEP"]

1. e4 c5 2. Nf3 e6 3. d4 cxd4 4. Nxd4 a6 5. c4 Qc7 6. Nc3 Nc6 7. Be2 d6 8. 0-0 Nf6 9. f4 Be7 10. Be3 0-0 11. Nf3 Bd7 12. Qc2 Rfc8 13. Rad1 b5 14. cxb5 axb5 15. Nxb5 Qb6 16. Bxb6 1-0

[Event "IECC M1-2012.T058"]
[Site "IECC email"]
[Date "2012.10.02"]
[Round "?"]
[White "Cowart, Laremy"]
[Black "Bertel, Michael"]
[Result "0-1"]
[WhiteElo "1699"]
[BlackElo "1742"]
[PlyCount "50"]
[EventDate "2012.??.??"]
[EventType "match (corr)"]
[EventRounds "2"]
[SourceTitle "Telechess CBM 165"]
[Source "ChessBase"]
[SourceDate "2015.03.11"]
[SourceVersion "1"]
[SourceVersionDate "2015.03.11"]
[SourceQuality "1"]
[WhiteTeam "US of America"]
[BlackTeam "US of America"]
[WhiteTeamCountry "USA"]
[BlackTeamCountry "USA"]

1. e4 e5 2. Nf3 Nc6 3. Bb5 a6 4. Ba4 Nf6 5. d3 b5 6. Bb3 Bc5 7. c3 Bb7 8. 0-0 d6 9. Be3 Bxe3 10. fxe3 0-0 11. Nbd2 Na5 12. Bc2 c5 13. Qe1 Bc8 14. d4 Nc6 15. Qg3 Qe7 16. h3 Bd7 17. Rad1 Rab8 18. a3 Rfc8 19. Ng5 cxd4 20. exd4 exd4 21. e5 Qxe5 22. Qh4 h6 23. Ngf3 Qe3+ 24. Kh1 dxc3 25. Rde1 Qc5 0-1